Research 2 Quantitative Research/ (Record no. 3253)

MARC details
000 -LEADER
fixed length control field 00639nam a22002057a 4500
003 - CONTROL NUMBER IDENTIFIER
control field OSt
005 - DATE AND TIME OF LATEST TRANSACTION
control field 20250625010120.0
008 - FIXED-LENGTH DATA ELEMENTS--GENERAL INFORMATION
fixed length control field 250625b |||||||| |||| 00| 0 eng d
020 ## - INTERNATIONAL STANDARD BOOK NUMBER
International Standard Book Number 9786214062164
040 ## - CATALOGING SOURCE
Original cataloging agency DWCL - Main lib
Transcribing agency OC
082 ## - DEWEY DECIMAL CLASSIFICATION NUMBER
Classification number Fil. 001.42 R141r 2019
100 ## - MAIN ENTRY--PERSONAL NAME
Personal name Ragma, Feljone G.
245 ## - TITLE STATEMENT
Title Research 2 Quantitative Research/
Statement of responsibility, etc. Feljone G. Ragma
260 ## - PUBLICATION, DISTRIBUTION, ETC.
Place of publication, distribution, etc. Manila,
Name of publisher, distributor, etc. Mindshapers co,
Date of publication, distribution, etc. c2019
300 ## - PHYSICAL DESCRIPTION
Extent viii. 2018 pages :
Other physical details illustrations ;
Dimensions 25cm.
504 ## - BIBLIOGRAPHY, ETC. NOTE
Bibliography, etc. note Includes bibliographical references
650 ## - SUBJECT ADDED ENTRY--TOPICAL TERM
Topical term or geographic name entry element 1. Quantitative research
650 ## - SUBJECT ADDED ENTRY--TOPICAL TERM
Topical term or geographic name entry element 2. Research methods
942 ## - ADDED ENTRY ELEMENTS (KOHA)
Source of classification or shelving scheme Dewey Decimal Classification
Koha item type Book-Filipiniana
Call number prefix Fil.
Suppress in OPAC No
952 ## - LOCATION AND ITEM INFORMATION (KOHA)
--
952 ## - LOCATION AND ITEM INFORMATION (KOHA)
--
Holdings
Withdrawn status Lost status Source of classification or shelving scheme Damaged status Not for loan Home library Current library Shelving location Date acquired Source of acquisition Cost, normal purchase price Total Checkouts Full call number Barcode Date last seen Copy number Price effective from Koha item type Uniform Resource Identifier
    Dewey Decimal Classification     College Library College Library Filipiniana 08/09/2019 School Fund 895.00   Fil. 001.42 R141r 2019 CL52020 06/25/2025 c2 06/25/2025 BK - FIL
    Dewey Decimal Classification     College Library College Library Filipiniana 08/09/2019 School Fund 895.00   Fil. 001.42 R141r 2019 CL52019 06/25/2025 c1 06/25/2025 BK - FIL